000 00415nam a2200193Ia 4500
003 IT-RoPAU
005 20220918175502.0
008 120407s9999 xx 000 0 und d
040 _aIT-RoPAU
040 _cIT-RoPAU
041 _aita
100 _aGiacomo Bertetti
_934655
100 _csac.
_924962
245 _aI tesori di S. Tommaso
300 _c cm
490 _v1
942 _cBK
_2ddc
999 _c14645
_d14645